| 000 | 00899nam a2200217 4500 | ||
|---|---|---|---|
| 003 | CO-ViMGA | ||
| 020 | _a 9789589417454 | ||
| 040 |
_aCO-ViMGA _bspa _cCO-ViMGA |
||
| 082 | 0 | 4 |
_a507.8 _bP25e |
| 100 | 1 |
_aPenalva, Nuria _913043 |
|
| 245 | 1 | 0 |
_aExperimentos para principiantes _cNuria Penalva |
| 250 | _aEdición especial | ||
| 260 |
_aBogotá _bEurolibros _c2018 |
||
| 300 |
_a60 páginas _b ilustraciones, fotografías en color ; 30 cm. |
||
| 490 | _aPlan Nacional de Lectura y Escritura Leer es mi Cuento / Ministerio de Cultura : Conocimientos para principiantes | ||
| 500 | _aRecomendado para un público infantil mayor de 10 años | ||
| 650 | 1 | 4 |
_aCiencia _xEnseñanza elemental _xLiteratura Infantil _913044 |
| 650 | 1 | 4 |
_aExperimentacion cientifica _xEnseñanza elemental _xLiteratura Infantil _913045 |
| 650 | 1 | 4 |
_aExperimentos _xEnseñanza elemental _xLiteratura Infantil _913046 |
| 942 |
_2ddc _cBK |
||
| 999 |
_c8685 _d8685 |
||